[Event "Reunion-ch"]
[Site "Reunion"]
[Date "2006.02.05"]
[Round "6"]
[White "Lorans, Sylvain"]
[Black "Jones, Dave"]
[Result "1-0"]
[WhiteElo "2159"]
[BlackElo "2110"]
[PlyCount "76"]
[EventDate "2005.11.26"]
[EventType "swiss"]
[EventRounds "9"]
[EventCountry "RUF"]
[SourceTitle "EXT 2008"]
[Source "ChessBase"]
[SourceDate "2007.11.25"]
[SourceVersion "1"]
[SourceVersionDate "2007.11.25"]
[SourceQuality "1"]

1. Nf3 d5 2. d4 Nf6 3. Bf4 Bg4 4. Nbd2 e6 5. c4 c5 6. e3 Nc6 7. Qa4 Qa5 8. Qxa5 Nxa5 9. Ne5 Nxc4 10. Ndxc4 dxc4 11. Bxc4 a6 12. Nxg4 Nxg4 13. dxc5 Bxc5 14. Rc1 0-0 15. Ke2 Rac8 16. Rhd1 Nf6 17. Be5 Ng4 18. Bg3 Nf6 19. f3 Be7 20. Bb3 h6 21. Bc7 Ne8 22. Bb6 Nf6 23. e4 Rc6 24. Rxc6 bxc6 25. Be3 Rb8 26. Rc1 a5 27. Rxc6 a4 28. Bxa4 Rxb2+ 29. Rc2 Rb8 30. Bc6 Bd6 31. g3 h5 32. a4 Ne8 33. a5 Nc7 34. Bb6 h4 35. Rd2 hxg3 36. Rxd6 Nd5 37. hxg3 Nxb6 38. axb6 Rxb6 1-0

[Event "Reunion-ch"]
[Site "Reunion"]
[Date "2005.11.27"]
[Round "2"]
[White "Payet, Alex"]
[Black "Jones, Dave"]
[Result "1-0"]
[WhiteElo "1890"]
[BlackElo "2110"]
[PlyCount "83"]
[EventDate "2005.11.26"]
[EventType "swiss"]
[EventRounds "9"]
[EventCountry "RUF"]
[SourceTitle "EXT 2008"]
[Source "ChessBase"]
[SourceDate "2007.11.25"]
[SourceVersion "1"]
[SourceVersionDate "2007.11.25"]
[SourceQuality "1"]

1. e4 e6 2. d4 d5 3. exd5 exd5 4. Bd3 Bd6 5. Ne2 Ne7 6. Bf4 Bg4 7. f3 Bh5 8. Qd2 Bg6 9. Nbc3 Nbc6 10. Nb5 Bxf4 11. Qxf4 Rc8 12. Bxg6 Nxg6 13. Qe3+ Qe7 14. Qxe7+ Ngxe7 15. 0-0-0 0-0 16. Rhe1 a6 17. Nbc3 b5 18. Nf4 Rfd8 19. g4 Ng6 20. Nce2 Nce7 21. Nd3 Nf8 22. Nc5 Rd6 23. Nf4 Nc6 24. Nxa6 Nxd4 25. Rxd4 Rxa6 26. Nxd5 Ng6 27. Rde4 f6 28. Re8+ Rxe8 29. Rxe8+ Kf7 30. Rc8 Nh4 31. Rxc7+ Ke6 32. Nb4 Rd6 33. f4 Rd4 34. Nd3 Ng2 35. f5+ Kd5 36. Rxg7 Ne3 37. h3 Ke4 38. Rxh7 Kf3 39. b3 Kg3 40. Re7 Nd5 41. Rd7 Kxh3 42. Rxd5 1-0